000 00984cam a22003017a 4500
003 CHAP
005 20220329142101.0
008 990603d1998 mx ab r 00110 spa d
010 _a78133
011 _a79105
020 _a9686194444
035 _a89257
040 _cCHAP
082 0 4 _a551.49
_bC3
100 0 0 _aCampos Aranda, D. F.
_918077
245 1 0 _aProcesos del ciclo hidrológico
_c/por D.F. Campos Aranda
260 _aSan Luis Potosí, S.L.P. :
_bUniversidad Autónoma de San Luis Potosí. Facultad de Ingeniería,
_c1998.
300 _a[c.a. 500 p.] :
_bilus. ; gráfs.
590 _aBATCH-UPD
_b10
_c20130110
_lUCH01
_h0913
590 _aBATCH-UPD
_b10
_c20130410
_lUCH01
_h0537
590 _aBATCH-UPD
_b10
_c20130914
_lUCH01
_h1615
590 _aCONVERSION
_b10
_c20130109
_lUCH01
_h1343
650 1 4 _aHidrología.
_955257
901 _aBK
905 _aBlanca M. García O.
942 _cLIBRO
949 _a551.49 C3
_bBC
_cLIBRO
_d33724000948063
_eLIBRO
_h95562
_i89257
_si
999 _c78133
_d78133